LEADER 00662nab a2200145 i 4500 001 000000287558 003 CaOOAMICUS 005 20180831165352.0 008 180831n xx uu u0 0und r 013 $a41364 040 $aSeMil$bita 245 10$a[vedi periodico]. 500 $aLuglio-Settembre 2014. 773 0 $tMaurizio Sessa : Saragat, "Guerra e pace" ; Spadolini : «elzeviri inediti» (1948-1950) ; Spadolini : il ricordo delle istituzioni ; Giovanni Spadolini : un profilo ; Maurizio Naldini : Self service Caraibi ; La questione europea.$dFirenze : Fondazione Spadolini Nuova Antologia, 2014.$w()241857 996 $6245$a[vedi periodico]$9(OLS)http://semarc/title/309439 LEADER 00764nam a2200205 i 4500 001 000000208005 003 CaOOAMICUS 005 20200713160228.0 008 111109s1821 it u000 u ita u 013 $a186788 026 $a6.NA 6.NI zea- chco (3) 1821 (A) 040 $aSeMil$bita 245 10$aVol. 7. 300 $a113, [3] p., [1] carta di tav. :$bill. 700 1 $aGiordani, Pietro,$d<1774-1848>.$0(OLS)http://semarc/name/2933 773 0 $aGiordani, Pietro <1774-1848>$tOpere di Pietro Giordani.$dItalia [i.e. Modena] : [Pietro Brighenti], 1821-1827.$g7$w()25755 850 $aSeMil 852 $aSeMil$W1$xVenegono$y1$m1S III 24 FA$j158463$B158463$CSeMilBibl$Z2$F169643 $8I 996 $6245$aVol. 7$9(OLS)http://semarc/title/111144